000 00267nam a2200109Ia 4500
001 588660
005 20250717120835.0
008 250717s9999 xx 000 0 und d
245 0 _aY-1 KAYI 8
_cAHMET ŞİMŞİRGİL
260 _bTİMAŞ YAYINLARI
_c2020
300 _b323
999 _c588660
_d588660